| 000 | 00644nam a22002297a 4500 | ||
|---|---|---|---|
| 003 | UA-OsUOA | ||
| 001 | 109139 | ||
| 007 | ta | ||
| 008 | 20141202b un ||||| |||| 00| 0 ukr d | ||
| 090 |
_a347(031) _bЕ64 |
||
| 942 | _cBK | ||
| 040 |
_aUA-OsUOA _bukr _cUA-OsUOA _dUA-OsUOA |
||
| 245 |
_aЕнциклопедія цивільного права України _cЯ. М. Шевченко |
||
| 300 | _a952 с. | ||
| 955 | _a2 | ||
| 041 | _aukr | ||
| 080 | _a347(031) | ||
| 020 | _a978-966-313-423-9 | ||
| 260 |
_aК. _bІн Юре _c2009 |
||
| 650 | 7 |
_a347 Цивільне право. Судовий устрій _2UDC |
|
| 999 |
_c394740 _d394740 |
||